[Event "Goldmoney Asian Rapid Prelims 2021"]
[Site "Chess24"]
[Date "2021.06.24"]
[Round "3.3"]
[White "Erigaisi Arjun"]
[Black "Artemiev, Vladislav"]
[Result "0-1"]
[WhiteElo "2567"]
[BlackElo "2704"]
[Annotator "TA"]
[PlyCount "92"]
[EventDate "2021.06.26"]
[EventType "tourn"]
[EventCountry "NET"]
[Tiebreak "Koya+Number of black wins+Number of wins"]
[SourceTitle "playchess.com"]
[Source "ChessBase"]
[SourceQuality "1"]

{[%evp 15,92,18,28,6,43,32,33,19,40,35,31,21,10,16,39,36,33,28,37,-17,-20,-16,
0,0,0,-9,-12,-7,-10,-8,-21,-13,-10,-13,-6,0,0,0,0,-69,-55,-269,-259,-250,-256,
-504,-512,-518,-447,-545,-535,-533,-520,-553,-520,-544,-534,-489,-378,-335,
-270,-670,-529,-667,-537,-709,-708,-964,-960,-942,-947,-864,-757,-29983,-642,
-619,-619,-606,-593]} 1. d4 Nf6 2. c4 g6 3. Nc3 d5 4. cxd5 Nxd5 5. e4 Nxc3 6.
bxc3 Bg7 7. Nf3 c5 8. Be3 Qa5 9. Nd2 {D85: Exchange Grünfeld: Unusual White
7th moves and lines with 7 Nf3.} Nd7 $1 {[%mdl 4] 9...Nd7 is a critical line.}
10. Qc2 O-O 11. Be2 {[#] White is slightly better.} Nb6 $1 $146 {[%mdl 8] A
top novelty.} ({Predecessor:} 11... cxd4 12. cxd4 Nb6 13. O-O Be6 14. Nb3 Qa4
15. Qc7 Bc4 16. Bxc4 Nxc4 17. Qxe7 b6 {1/2-1/2 (33) Thybo,J (2525)-Ragger,M 
(2696) Skopje 2019}) 12. O-O Qa4 13. Qb2 cxd4 14. cxd4 Be6 15. Bb5 Qa5 16. a4
Rac8 17. Qa3 (17. Rfe1 $14) 17... a6 18. Be2 Rc2 19. Rfd1 Re8 20. d5 Bd7 ({
Inferior is} 20... Bxa1 21. dxe6 Qxa4 22. Qxa4 $16 (22. Rxa1 Qxa3 23. Rxa3 Rd8
$16) (22. Qxa1 Qxa1 23. exf7+ Kxf7 $16)) 21. Rab1 Qxa4 22. Qxa4 Nxa4 23. Rxb7 {
[#]} Nc3 $1 24. Bd3 ({But not} 24. Rxd7 Nxd1 25. Bxd1 Rc1 $17) 24... Nxd1 25.
Bxc2 Nxe3 26. fxe3 Bb5 27. Bb3 (27. Kf2 $11) 27... Rc8 $15 28. Rxe7 $2 {
Loses the game.} (28. Kf2 $15) 28... Bh6 $19 29. Kf2 {Threatening d6.} Rc3 30.
Bd1 $2 (30. Bc4 Bxc4 31. Nxc4 Rxc4 32. d6 Rc2+ 33. Kf3) 30... Rd3 31. Nf3 {
White wants to play Be2.} Rxd1 32. h4 Bf8 33. Rb7 h5 34. Kg3 Bd3 35. Kf4 Bh6+
36. Ke5 Bg7+ 37. Kf4 {Now Rb8+ and White clings on.} f6 {...Bh6+ is the strong
threat.} 38. Nd4 $2 (38. Rb8+ Kh7 39. Rb7) 38... Rb1 39. Re7 Bf8 40. Rd7 Bh6+
41. Kf3 Rf1+ 42. Kg3 Bxe3 {( -> ...Bf4+)} 43. Ne6 g5 44. d6 Bf4+ (44... Bc4
$142 45. Rd8+ Kf7 46. Rc8 Bxe6 47. Rc7+ Kg6 48. Kh2 Bg1+ 49. Kh1 Bc5+ 50. Kh2
Bxd6+ {[%mdl 64] Double Attack} 51. g3 Bxc7 52. Kg2 {[#]} Bh3+ $1 {[%mdl 512]}
53. Kxh3 Rf2 54. hxg5 fxg5 55. e5 Bxe5 56. g4 Rh2#) 45. Nxf4 gxf4+ 46. Kh2 {
intending Rg7+!} Bb5 {Weighted Error Value: White=0.60/Black=0.15} 0-1

[Event "Goldmoney Asian Rapid Prelims 2021"]
[Site "Chess24"]
[Date "2021.06.24"]
[Round "3.4"]
[White "Vidit, Santosh Gujrathi"]
[Black "Dubov, Daniil"]
[Result "0-1"]
[WhiteElo "2726"]
[BlackElo "2714"]
[Annotator "TA"]
[PlyCount "126"]
[EventDate "2021.06.26"]
[EventType "tourn"]
[EventCountry "NET"]
[Tiebreak "Koya+Number of black wins+Number of wins"]
[SourceTitle "playchess.com"]
[Source "ChessBase"]
[SourceQuality "1"]

{[%evp 10,126,19,14,17,16,34,20,43,37,46,45,66,60,51,45,59,53,61,64,74,66,83,
53,70,63,61,49,75,66,60,43,79,21,90,35,47,27,0,-64,0,0,42,-98,0,-247,-253,-233,
-239,-356,-366,-352,-336,-338,-350,-331,-324,-357,-360,-348,-335,-360,-335,
-337,-356,-327,-245,-633,-629,-621,-495,-708,-687,-696,-653,-703,-314,-308,
-241,-300,-221,-221,-205,-208,-179,-184,-168,-236,-238,-229,-232,-344,-292,
-603,-300,-281,-303,-273,-281,-5401,-5102,-12799,-12799,-12794,-12798,-4802,
-4602,-2460,-2444,-12793,-7037,-5193,-5114,-6468,-5632,-5587,-2233,-5065,-1531]
} 1. d4 Nf6 2. c4 e6 3. Nc3 Bb4 4. Qc2 d5 5. cxd5 Qxd5 6. e3 O-O {E34:
Nimzo-Indian: Classical: 4...d5.} 7. Bd2 Bxc3 8. Bxc3 b6 $5 {[%mdl 4] The
position is equal. Exploring less charted territory.} 9. Be2 {[#]} Qd8 $146 (
9... Qxg2 $2 10. Bf3 $18) ({Predecessor:} 9... Ne4 10. Bf3 f5 11. Nh3 Bb7 12.
O-O Nd7 13. Bb4 c5 14. dxc5 Ndxc5 15. Bxc5 Qxc5 16. Qxc5 Nxc5 17. Bxb7 Nxb7 {
1/2-1/2 (63) Fridman,D (2604)-Fedoseev,V (2641) Riga 2014}) 10. Nf3 (10. b4 {
is more complex.} Bb7 11. Nf3 Qe7 12. O-O Rc8 13. Rfc1) 10... Ba6 11. O-O Bxe2
12. Qxe2 Qd5 13. Nd2 Nbd7 14. e4 Qb7 15. b4 Rfd8 16. f3 Nf8 17. Rfc1 Ng6 18.
Qe3 Rd7 19. a4 Rad8 20. Nb3 h5 21. Be1 (21. b5 $16) 21... h4 (21... c6 $11 {
remains equal.}) 22. Ra2 (22. b5 $16) 22... c6 $14 23. Rac2 e5 {[%cal Re5d4]}
24. Bc3 ({White should play} 24. Rxc6 $11 exd4 25. Qg5) 24... Nf4 (24... Qa6
$15 25. a5 Nh5) 25. b5 h3 26. gxh3 {[#]} (26. bxc6 $14 Qxc6 27. dxe5) 26...
N6h5 (26... a5 $1 $17 27. Ra2 (27. dxe5 N6h5 $17) 27... c5) 27. Kh1 $2 {
White is now going downhill.} (27. dxe5 $2 Rd1+ 28. Rxd1 Rxd1+ 29. Be1 Nd3 $19)
(27. bxc6 $1 $11 Qxc6 28. d5 Nxh3+ 29. Kh1) 27... exd4 $19 28. Nxd4 c5 29. Nf5
(29. Ne2 $142 Rd3 30. Qg1 Rxf3 31. Nxf4 Rxf4 32. Re2) 29... Rd1+ 30. Be1 g6 ({
Less strong is} 30... Nxh3 31. Rxd1 Rxd1 32. Qe2 $15 (32. Rd2 Rb1 $17)) 31. Ng3
R8d3 ({But not} 31... Nxh3 $2 32. Nxh5 Qe7 33. Rxd1 $18) 32. Qf2 Nxh3 33. Qf1 {
Hoping for Nxh5.} Rxc1 34. Rxc1 N5f4 {And now ...Ng5 would win.} 35. Ne2 Nxe2
36. Qxe2 Qd7 37. Bg3 Qd4 38. Rf1 $2 (38. Re1) 38... Rd2 39. Qe1 c4 {Strongly
threatening ...c3.} 40. e5 (40. Be5 $142 Qd3 41. Bf6) 40... Ng5 41. e6 Nxe6 42.
Qe5 {If White can now play Qxd4 this consolidates a bit.} Qxe5 (42... Qd3 $142
{[%cal Rd3f1]} 43. Kg1 c3) 43. Bxe5 {[%mdl 4096] Endgame intending Rc1. KRB-KRN
} Nc5 44. Ra1 Nd3 45. Bf6 Kh7 46. a5 Nf2+ 47. Kg1 Nh3+ 48. Kh1 (48. Kf1 $142)
48... g5 49. axb6 axb6 50. Rc1 (50. Ra4 $142) 50... Kg6 51. Bc3 {[#]} (51. Be5
Nf2+ 52. Kg1) 51... Rd5 (51... Rd1+ $142 $3 {[%mdl 512]} 52. Rxd1 Nf2+ {
[%mdl 64] Double Attack} 53. Kg2 Nxd1) 52. Bb4 Nf4 (52... Rxb5 53. Rxc4 Nf4 54.
h4 $17) 53. h4 Rd4 ({Don't do} 53... Rxb5 54. Rxc4 Nd3 55. Be7 $17) 54. hxg5 $2
(54. Bc3 Rd8 55. hxg5) 54... Nd3 {Black is clearly winning.} 55. Rb1 Nxb4 56.
Rxb4 Kxg5 {KR-KR} 57. Kg2 Kf4 58. Kf2 Ke5 59. Ke3 Rd3+ 60. Ke2 Kd4 61. Ra4 Re3+
62. Kf2 Re7 (62... Re5 $142 63. f4 Rxb5) 63. Ra8 Kc5 {Weighted Error Value:
White=0.89/Black=0.38} (63... c3 $142 64. Rc8 Kd3 65. Rd8+ Kc4) 0-1

[Event "Goldmoney Asian Rapid Prelims 2021"]
[Site "Chess24"]
[Date "2021.06.24"]
[Round "3.5"]
[White "Firouzja, Alireza"]
[Black "Duda, Jan-Krzysztof"]
[Result "0-1"]
[WhiteElo "2759"]
[BlackElo "2729"]
[Annotator "TA"]
[PlyCount "142"]
[EventDate "2021.06.26"]
[EventType "tourn"]
[EventCountry "NET"]
[Tiebreak "Koya+Number of black wins+Number of wins"]
[SourceTitle "playchess.com"]
[Source "ChessBase"]
[SourceQuality "1"]

{[%evp 14,142,68,68,60,75,139,73,91,94,97,101,90,93,121,119,234,216,241,134,
143,141,136,135,161,158,156,137,158,148,133,130,146,142,158,96,91,87,99,98,90,
38,51,22,27,0,0,0,0,-16,-27,-27,-39,-20,-20,-25,-25,-16,0,0,0,0,0,0,0,0,0,0,0,
0,0,0,0,0,0,0,0,0,0,0,0,-76,-66,-86,-86,-86,-86,-86,-86,-84,-84,-93,-77,-141,
-137,-150,-146,-139,-141,-151,-151,-151,-151,-151,-145,-151,-149,-151,-144,
-145,-117,-110,-103,-102,-62,-94,-62,-109,-98,-95,-101,-102,-102,-102,-110,
-226,-226,-233,-226,-437,-437]} 1. d4 Nf6 2. Bg5 Ne4 3. Bf4 c5 4. f3 Nf6 5.
dxc5 Qa5+ 6. Nc3 Qxc5 7. e4 d6 8. Qd2 g6 $1 {[%mdl 4] is recently more
successful than 8...a6. A45: Trompowsky Attack.} 9. O-O-O Nbd7 (9... Bg7 $142)
10. Nge2 (10. Be3 $142 Qa5 11. Kb1) 10... Bg7 {[#] White is better.} 11. Nd4
$146 ({Predecessor:} 11. Be3 Qa5 12. Kb1 a6 13. h4 h5 14. Nf4 b5 15. Nfd5 Qd8
16. Nxf6+ Bxf6 17. Nd5 {1-0 (41) Saraiba Rafuls,L (2024)-Delgado Alvarez,E 
(1681) Mayabeque 2018}) 11... a6 12. g4 b5 13. g5 {And now Nb3 would win.} Nh5
14. Be3 $36 {[%mdl 2048] White has strong initiative.} Qc7 (14... Bb7 $16 {
is a better defense.}) 15. Nd5 $18 Qb7 16. Nb3 (16. Qa5 $18 {Black must now
prevent Nc7+.} O-O 17. Nxe7+ Kh8 18. Bh3) 16... e6 $16 {[#]} 17. Na5 $1 Qb8 18.
Nf4 Qc7 19. Nxh5 gxh5 20. Nb3 Ne5 21. Qxd6 Qxd6 22. Rxd6 Nxf3 23. Be2 Ne5 24.
Rhd1 ({Worse is} 24. Bxh5 Nc4 $11) (24. Na5 $142 $1) 24... O-O 25. Bd4 ({
Much worse is} 25. Bxh5 $6 Nc4 $11) 25... h4 26. Nc5 b4 27. Rb6 (27. c4 $16)
27... a5 $14 28. Rb5 Rd8 29. Bh5 Nd3+ 30. Rxd3 Rxd4 31. Rf3 Ra7 32. Rb8 Rd8 33.
Nd3 Rf8 34. Rf4 Ba6 35. Rxf8+ Bxf8 36. Rxh4 Bd6 37. Be2 Rc7 38. h3 Bxd3 39.
Bxd3 $11 {[%mdl 4096] Endgame KRB-KRB} Rc5 40. Rg4 Kg7 41. b3 Be5 42. Kd1 Kg6
43. Ke2 Bc7 44. h4 Kh5 45. Kf3 Be5 46. Bc4 a4 47. Rg1 (47. Bd3 $11 {remains
equal.}) 47... Kxh4 $17 48. Rh1+ Kxg5 49. Rxh7 Kg6 50. Rh1 a3 51. Bd3 Kf6 52.
Kg4 Rc8 53. Rf1+ (53. Kf3 $142) 53... Ke7 54. Rh1 Kd6 55. Kf3 Rg8 56. Rf1 Kc5
57. Ke3 Rg7 58. Be2 Rh7 59. Kd3 Bc3 60. Bg4 Kd6 61. Bf3 Ke5 62. Rh1 {[#]} Rg7
$1 63. Ke3 Kd6 64. Kd3 Rg3 65. Ke2 Ke5 66. Kf2 Rg8 67. Ke3 Rd8 68. Rh5+ Kf6 69.
Rh1 {[#]} (69. Rh6+ $17 {keeps fighting.} Ke7 70. Rh2) 69... Bd2+ $1 $19 70.
Ke2 {Hoping for Rd1.} Bf4 {aiming for ...Rd2+.} 71. Rd1 $2 (71. Ke1 {was worth
a try.}) 71... Rc8 {What a bad dream for White.  Weighted Error Value: White=0.
12/Black=0.05} 0-1

[Event "Goldmoney Asian Rapid Prelims 2021"]
[Site "Chess24"]
[Date "2021.06.24"]
[Round "3.6"]
[White "Hou, Yifan"]
[Black "Giri, Anish"]
[Result "1/2-1/2"]
[WhiteElo "2658"]
[BlackElo "2780"]
[Annotator "TA"]
[PlyCount "108"]
[EventDate "2021.06.26"]
[EventType "tourn"]
[EventCountry "NET"]
[Tiebreak "Koya+Number of black wins+Number of wins"]
[SourceTitle "playchess.com"]
[Source "ChessBase"]
[SourceQuality "1"]

{[%evp 16,108,44,-8,0,-5,-8,-19,-20,-8,0,-12,-9,-31,-24,-27,-25,-31,-25,-31,
-26,-77,-75,-77,-77,-77,-77,-74,-88,-51,-47,-104,-107,-110,-98,-95,-80,-154,
-158,-147,-152,-156,-147,-177,-164,-157,0,-161,-143,-174,-140,-161,-118,-109,
-107,-118,-89,-127,-89,-155,-153,-152,-152,-144,-156,-130,-29,-68,-13,-13,-13,
-13,0,0,0,0,0,0,0,0,0,0,0,0,0,0,0,0,0,0,0,0,0,0,0]} 1. e4 e5 2. Nf3 Nc6 3. Bb5
a6 4. Ba4 Nf6 5. O-O b5 6. Bb3 Bc5 7. c3 d6 8. d4 Bb6 9. h3 (9. a4 $14) 9...
Bb7 {C78: Ruy Lopez: Archangelsk and Möller Defences.} 10. Bg5 h6 11. Bxf6 Qxf6
12. Bd5 O-O {[%cal Re5d4]} 13. a4 Rab8 {[%cal Re5d4]} 14. axb5 axb5 {[%cal
Re5d4]} 15. Na3 exd4 16. Nxb5 {[%cal Rc3d4]} dxc3 17. Nxc3 {[#]} Nd4 $146 ({
Predecessor:} 17... Rfe8 18. Re1 Nd4 19. Re3 c6 20. Bc4 d5 21. Bf1 Nb5 22. e5
Nxc3 23. bxc3 Qe7 {0-1 (47) Rios Parra,J (2060)-Sierra Mejia,J (2173) Medellin
2018}) 18. Nxd4 (18. Bxb7 $11 {remains equal.} Rxb7 19. Nd5 Nxf3+ 20. Qxf3 Qxf3
21. gxf3) 18... Bxd4 $17 19. Bxb7 Rxb7 20. Nd5 Qe5 21. Ne7+ Qxe7 22. Qxd4 Rfb8
23. Ra6 (23. Rfb1 $15) 23... Rxb2 24. Rc6 R2b4 25. Qc3 Rb1 26. Qc2 (26. Rxb1
$142 Rxb1+ 27. Kh2) 26... Rxf1+ 27. Kxf1 {[%mdl 4096] Endgame KQR-KQR} Qf6 28.
Rc3 ({Wrong is} 28. Rxc7 $2 Rb2 $19) 28... Rb1+ 29. Ke2 Rb4 30. Kf1 Rb1+ 31.
Ke2 $1 g6 32. g3 Qd4 33. Kf3 c5 34. Rd3 Qf6+ 35. Kg2 Rb6 (35... Rb4 {with more
complications.} 36. Qd1 Rb2 37. Qf3 Qe6 38. Rd5 c4) 36. Qc4 Qe6 37. Qd5 (37.
Rd5 $142) 37... Qxd5 38. Rxd5 {KR-KR} f6 39. h4 Kf7 40. h5 {[#]} gxh5 (40... g5
$1 $17 {White must now prevent ...g4.} 41. Kf3 Ke6) 41. Rxh5 Rb4 (41... Kg6 $15
42. Rd5 c4) 42. Kf3 $11 {The position is equal.} Kg6 43. Rd5 Rd4 (43... Rb3+ {
feels hotter.} 44. Ke2 Rb6 45. Ke3 Kf7 46. Ke2 Rb2+) 44. Rxd4 cxd4 {KP-KP} 45.
Ke2 Kg5 {[#] ...Kg4 is the strong threat.} 46. f3 f5 47. f4+ Kf6 48. Kd3 fxe4+
49. Kxe4 h5 50. Kxd4 {KPP-KPP} Kf5 51. Kd5 h4 52. gxh4 {h5 would kill now.}
Kxf4 53. Kxd6 Kg4 54. h5 Kxh5 {Whites escaped into a draw.  Weighted Error
Value: White=0.12/Black=0.16} 1/2-1/2

[Event "Goldmoney Asian Rapid Prelims 2021"]
[Site "Chess24"]
[Date "2021.06.24"]
[Round "3.7"]
[White "So, Wesley"]
[Black "Carlsen, Magnus"]
[Result "1/2-1/2"]
[WhiteElo "2770"]
[BlackElo "2847"]
[Annotator "TA"]
[PlyCount "53"]
[EventDate "2021.06.26"]
[EventType "tourn"]
[EventCountry "NET"]
[Tiebreak "Koya+Number of black wins+Number of wins"]
[SourceTitle "playchess.com"]
[Source "ChessBase"]
[SourceQuality "1"]

{[%evp 27,28,0,15]} 1. e4 e5 2. Nf3 Nc6 3. Bb5 Nf6 4. O-O Nxe4 5. d4 Nd6 6.
dxe5 Nxb5 7. a4 Nbd4 8. Nxd4 d5 9. exd6 Nxd4 10. Qxd4 Qxd6 11. Qe4+ Qe6 12. Qd4
Qd6 13. Qe4+ Qe6 14. Qd4 Qd6 {[#]} {Predecessor:} 15. Qe3+ $146 {C67: Ruy
Lopez: Berlin Defence: 4 0-0 Nxe4.} Be7 16. Nc3 c6 17. Ne4 Qg6 18. Nc5 Qd6 19.
Re1 b6 20. Ne4 Qe5 21. a5 bxa5 22. Rxa5 Qc7 23. Rg5 Kf8 24. Rxg7 h6 25. Qd4 Be6
26. Rg6 fxg6 27. Qxh8+ {1-0 (25) Abdusattorov,N (2627)-Nakamura,H (2736) Chess.
com INT 2021} 1/2-1/2

[Event "Goldmoney Asian Rapid Prelims 2021"]
[Site "Chess24"]
[Date "2021.06.24"]
[Round "3.8"]
[White "Svidler, Peter"]
[Black "Salem, A.R. Saleh"]
[Result "0-1"]
[WhiteElo "2714"]
[BlackElo "2682"]
[Annotator "TA"]
[PlyCount "88"]
[EventDate "2021.06.26"]
[EventType "tourn"]
[EventCountry "NET"]
[Tiebreak "Koya+Number of black wins+Number of wins"]
[SourceTitle "playchess.com"]
[Source "ChessBase"]
[SourceQuality "1"]

{[%evp 14,88,11,0,8,18,18,18,10,10,0,11,7,6,12,0,0,0,2,0,0,-28,0,-7,-15,-19,
-12,-19,-16,-50,0,-45,-40,-41,-22,-31,-47,-60,-58,-78,-72,-76,-72,-98,-109,
-134,-134,-125,-125,-186,-186,-187,-183,-202,-210,-225,-215,-205,-185,-231,
-242,-246,-244,-239,-241,-245,-221,-245,-233,-289,-300,-318,-318,-317,-317,
-29993,-29994]} 1. c4 e6 2. g3 d5 3. Bg2 Nf6 4. Nf3 d4 5. O-O c5 6. e3 Nc6 7.
exd4 cxd4 8. d3 Bd6 {A13: English Opening: 1...e6.} 9. Bg5 h6 10. Bxf6 Qxf6 {
The position is equal.} 11. Nbd2 Qe7 12. a3 a5 13. Re1 O-O 14. Ne4 Bc7 15. c5
Rd8 16. Rc1 Bd7 17. Nfd2 Ne5 {[#]} 18. Nc4 $146 ({Predecessor:} 18. Qe2 Bc6 19.
Nd6 Nd7 20. Nxb7 Bxb7 21. c6 Bxc6 22. Rxc6 Ra7 23. Rec1 Nf6 24. Qd1 {1/2-1/2 
(65) Chigaev,M (2542)-Alekseev,E (2626) Kolomna 2016}) 18... Nxc4 19. Rxc4 Bb5
20. Rc1 a4 21. Re2 Rab8 (21... f5 $5 {[%cal Rf5e4]} 22. Nd6 Bxd6 23. cxd6 Qxd6
$15) 22. b4 axb3 23. Qxb3 Bc6 24. Nd2 Ba5 25. Bxc6 bxc6 26. Qa4 Bxd2 {White is
on the road to losing.} 27. Rxd2 Rb5 {[%cal Bb8b5,Bb5a5,Ba5a4][%mdl 32]} 28.
Qc4 Rd5 29. Rdc2 Qa7 30. a4 Ra5 ({Don't play} 30... Rdxc5 $6 31. Qxd4 Rxc2 32.
Qxa7 $11) 31. Qb4 (31. Ra1 $17 {was worth a try.}) 31... Rxa4 $19 32. Qb6 Ra6
33. Qxa7 Rxa7 {[%mdl 4096] Endgame KRR-KRR} 34. Kf1 Ra5 35. Ke2 Re5+ 36. Kd2 g5
37. h3 Kg7 38. Rc4 Rd5 39. R1c2 Kf6 40. Rb4 Ra1 ({Weaker is} 40... Raxc5 41.
Rxc5 Rxc5 42. Rxd4 $17) 41. Ke2 h5 42. Rb6 g4 43. hxg4 hxg4 {( -> ...Re5+)} 44.
f3 $2 {[#]} (44. Rb4 $19) 44... Rh5 {[%cal Rh5h2] Weighted Error Value:
White=0.28/Black=0.04} 0-1

[Event "Goldmoney Asian Rapid Prelims 2021"]
[Site "Chess24"]
[Date "2021.06.24"]
[Round "4.1"]
[White "Aronian, Levon"]
[Black "Salem, A.R. Saleh"]
[Result "1/2-1/2"]
[WhiteElo "2781"]
[BlackElo "2682"]
[Annotator "TA"]
[PlyCount "116"]
[EventDate "2021.06.26"]
[EventType "tourn"]
[EventCountry "NET"]
[Tiebreak "Koya+Number of black wins+Number of wins"]
[SourceTitle "playchess.com"]
[Source "ChessBase"]
[SourceQuality "1"]

{[%evp 9,116,16,28,2,6,-29,14,16,20,19,24,34,46,20,56,62,64,51,65,74,164,112,
120,29,20,11,8,5,10,27,32,14,25,21,14,18,39,-22,0,0,7,7,0,-41,-23,-12,-23,-45,
0,0,0,0,0,0,0,0,0,0,0,-4,0,0,58,58,58,58,58,58,58,58,81,82,82,82,82,80,81,8,58,
58,58,58,58,58,58,58,58,58,58,58,58,58,58,58,58,47,47,8,8,8,8,8,8,8,8,8,8,8,8]
} 1. c4 e6 2. g3 d5 3. Bg2 Nf6 4. Nf3 d4 5. d3 Bb4+ 6. Nbd2 {[#] A13: English
Opening: 1...e6.} a5 $146 ({Predecessor:} 6... O-O 7. a3 Bd6 8. Nxd4 Bxg3 9.
hxg3 Qxd4 10. Nf3 Qb6 11. Be3 c5 12. b4 Nbd7 13. bxc5 Nxc5 {1-0 (33) Sidhant,M
(2396)-Kumar,S (1928) Kankarbagh 2017}) 7. O-O O-O 8. Ne4 Nxe4 9. dxe4 Nc6 10.
e5 a4 11. Qc2 f6 12. exf6 gxf6 13. Bh6 Rf7 14. Rad1 Ra5 {[#]} (14... Rd7 $16)
15. e3 (15. Nxd4 $1 $18 {[%mdl 512]} Nxd4 {[#]} 16. Rxd4 $1 Qxd4 17. Rd1) 15...
e5 $16 16. Nh4 ({White should play} 16. a3 $16 Bc5 17. exd4 exd4 18. Nh4) 16...
Bg4 $11 17. Bf3 Qd7 18. Qe2 Bxf3 19. Qxf3 f5 20. exd4 exd4 21. a3 Be7 22. Rfe1
Rc5 23. Bf4 ({White should try} 23. Ng2 $14) 23... Rxc4 24. Qh5 d3 25. Nf3 Re4
26. Bh6 Qe6 27. Re3 Rxe3 28. Bxe3 Qg6 (28... Qb3 {seems wilder.} 29. Re1 Qxb2
30. Ng5 Bxg5 31. Bxg5 d2) 29. Qxg6+ hxg6 30. Rxd3 Bf6 31. b3 axb3 32. Rxb3 b6
33. a4 Rd7 34. h4 Rd1+ 35. Kg2 Ra1 ({Better is} 35... Kf7 $11) 36. Bf4 $14 Rxa4
37. Bxc7 Ra7 38. Bxb6 Rb7 {next ...Bd8 is good for Black.} 39. Nd2 Bd8 40. Bxd8
Rxb3 41. Nxb3 Nxd8 $16 {[%mdl 4096] Endgame KN-KN} 42. Nd4 Kg7 43. h5 (43. Kf3
$16) 43... Nf7 (43... f4 $5) 44. Kf3 Kf6 45. hxg6 Ne5+ 46. Ke3 {Hoping for g7!}
Nxg6 47. Ne2 Ne5 48. Nf4 Ng4+ 49. Ke2 Ne5 50. Nd5+ Ke6 51. Ne3 Kf6 52. Nd1 Ng6
53. Kf3 Kg5 {The position is equal.} 54. Nc3 Ne5+ 55. Ke3 {f4+ is the strong
threat.} Ng4+ 56. Ke2 Nxf2 57. Kxf2 {Intending Kf3 and mate.} f4 58. gxf4+ Kxf4
{Weighted Error Value: White=0.14/Black=0.10} 1/2-1/2

[Event "Goldmoney Asian Rapid Prelims 2021"]
[Site "Chess24"]
[Date "2021.06.24"]
[Round "4.2"]
[White "Carlsen, Magnus"]
[Black "Svidler, Peter"]
[Result "1-0"]
[WhiteElo "2847"]
[BlackElo "2714"]
[Annotator "TA"]
[PlyCount "79"]
[EventDate "2021.06.26"]
[EventType "tourn"]
[EventCountry "NET"]
[Tiebreak "Koya+Number of black wins+Number of wins"]
[SourceTitle "playchess.com"]
[Source "ChessBase"]
[SourceQuality "1"]

{[%evp 9,79,22,31,0,-8,-6,0,0,18,0,9,0,39,0,38,37,45,41,36,36,44,29,35,35,65,
62,62,22,22,19,51,6,7,5,6,6,3,3,3,8,10,0,0,-9,0,0,0,0,10,0,36,41,110,104,368,
33,87,35,42,5,73,74,63,74,77,73,312,309,418,413,401,407]} 1. e4 c5 2. Nf3 d6 3.
d4 cxd4 4. Nxd4 Nf6 5. Nc3 a6 6. b3 {B90: Sicilian Najdorf: Unusual White 6th
moves, 6 Be3 Ng4 and 6 Be3 e5.} e5 7. Nde2 Be6 {[#]} 8. g3 $146 {The position
is equal.} ({Predecessor:} 8. f4 exf4 9. Nxf4 Nbd7 10. Nxe6 fxe6 11. Bc4 Qa5
12. Bd2 Qe5 13. O-O Nxe4 14. Nxe4 Qxe4 {1-0 (38) Fries Nielsen,J (2380)
-Schlegel,I (2027) Chess.com INT 2020}) 8... h5 9. h3 Nbd7 10. Bg2 Rc8 11. O-O
h4 {next ...hxg3 is good for Black.} 12. g4 Qc7 13. Be3 Be7 14. Nd5 Bxd5 15.
exd5 O-O (15... Qxc2 $2 16. Rc1 $18) 16. c4 b5 17. cxb5 axb5 18. a4 bxa4 19.
bxa4 Qa5 20. Bg5 Rc4 21. Bxh4 Ra8 22. Ng3 g6 23. Bg5 Rxa4 24. Rxa4 Qxa4 25.
Qxa4 Rxa4 26. Be3 Nc5 27. Rb1 Nfd7 28. g5 Ra3 29. h4 Ra4 30. Bh3 {Black must
now prevent Bxd7.} Kf8 ({Not} 30... Rxh4 $2 31. Bxd7 Nxd7 32. Rb7 $18) (30...
Nf8 $14) 31. h5 $16 gxh5 $2 {[%mdl 8192]} (31... Ra7 $16) 32. Nf5 $2 ({White
must play} 32. Bxc5 $18 dxc5 33. Bxd7) 32... Ra3 ({Better is} 32... Ra8 $14)
33. Kg2 (33. Bf1 $16) 33... Nb3 $14 34. Ng3 h4 {[#]} 35. Nf5 $1 $16 ({Much
weaker is} 35. Bxd7 hxg3 36. f4 exf4 $11) 35... Ndc5 36. Bg4 h3+ 37. Bxh3 Ne4
$2 {[#]} (37... Ra1 $16 38. Rb2 Ra8) 38. Bg4 $1 $18 ({Less strong is} 38. Bc1
Nc3 $16) 38... Bxg5 39. Bxg5 Nxg5 40. Bd1 {Weighted Error Value: White=0.21/
Black=0.36} 1-0

[Event "Goldmoney Asian Rapid Prelims 2021"]
[Site "Chess24"]
[Date "2021.06.24"]
[Round "4.3"]
[White "Giri, Anish"]
[Black "So, Wesley"]
[Result "1-0"]
[WhiteElo "2780"]
[BlackElo "2770"]
[Annotator "TA"]
[PlyCount "57"]
[EventDate "2021.06.26"]
[EventType "tourn"]
[EventCountry "NET"]
[Tiebreak "Koya+Number of black wins+Number of wins"]
[SourceTitle "playchess.com"]
[Source "ChessBase"]
[SourceQuality "1"]

{[%evp 18,57,17,24,28,21,21,22,16,10,8,2,18,8,14,8,12,0,0,0,37,18,20,15,18,14,
11,5,421,429,435,431,429,427,553,538,681,479,1584,1336,1508,591]} 1. e4 e5 2.
Nf3 Nc6 3. Bb5 Nf6 4. O-O Nxe4 5. Re1 Nd6 6. Nxe5 Be7 7. Bf1 Nxe5 8. Rxe5 O-O
9. d4 Bf6 10. Re1 Re8 {C67: Ruy Lopez: Berlin Defence: 4 0-0 Nxe4.} 11. c3 Rxe1
12. Qxe1 Ne8 {The position is equal.} 13. Nd2 $5 {[%cal Bb1d2,Bd2b3,Bb3c5]
[%mdl 4] An interesting side line.} d5 14. Nb3 c6 15. Bf4 {[#]} g6 $146 ({
Predecessor:} 15... b6 16. Nd2 Bf5 17. h3 h6 18. Qe3 Bg5 19. g4 Bxf4 20. Qxf4
Bh7 21. Qe3 Nd6 22. Re1 Kf8 23. c4 dxc4 24. Nxc4 Nxc4 25. Bxc4 Qd6 {1/2-1/2 
(25) Gomila Marti,S (2363)-Camacho Dominguez,F (2324) ICCF email 2018}) 16. Qe3
Ng7 17. Re1 Bf5 18. Nc5 Qb6 19. b4 a5 20. a3 axb4 21. axb4 h5 22. h3 Re8 $2 {
[%mdl 8192] [#] Loses the game.} (22... Qa7 $11 {and Black stays safe.}) 23.
Qxe8+ $1 $18 {White is clearly winning.} Nxe8 24. Rxe8+ Kg7 {Black wants to
play ...Qa7.} 25. Bb8 Bxd4 26. cxd4 g5 27. Be5+ Kg6 (27... f6 $142 28. Re7+ {
[%mdl 64] Double Attack} Kg6 29. Rxb7 Qd8) 28. Rg8+ Kh6 29. Rb8 {Weighted
Error Value: White=0.15/Black=0.64} (29. h4 $142 gxh4 30. Bd3 {[%mdl 64]
Overworked Piece} Bxd3 31. Nd7) 1-0